| 000 | 00437pab a2200145 454500 | ||
|---|---|---|---|
| 008 | 180718b2010 xxu||||| |||| 00| 0 eng d | ||
| 100 | _aScott, Julia E. | ||
| 245 | _aEvolving strategies: A historical examination of changes in principle, authority and function to inform policing in the twenty-first century | ||
| 260 | _c2010 | ||
| 300 | _ap.126-63. | ||
| 650 | _aPolice | ||
| 773 | _aPolice Journal | ||
| 908 | _aN | ||
| 909 | _a89179 | ||
| 999 |
_c89179 _d89179 |
||